LEADER 01224nam a2200289 u 4500 001 000000080184 003 CaOOAMICUS 005 20070226123623.0 008 040630s2003 fr u000 u fre u 020 $a284713008X 035 $a11002566 040 $aPUL$bita 245 00$aFemmes dans le Christ vers un nouveau féminisme /$csous la direction de Michele M. Schumacher. 260 $aToulouse :$bEditions du Carmel,$c2003. 300 $a490 p. ;$c22 cm 490 1 $aRecherces carmélitaines ;$v3 500 $aIndice : p. 483-490. 504 $aBibliografia in appendice. 650 4$aFemminismo$xAspetti religiosi.$0(OLS)http://pul/subject/27572 700 1 $aSchumacher, Michele M.$0(OLS)http://pul/name/53459 830 0$aRecherces carmélitaines ;$v3.$0(OLS)http://pul/title/105034 850 $aPUL 852 $aPUL$W1$xSL Religione 3$y85$m230. 082 SCHMI 1$j102432$nBK-PRI$b $qDDC 21$B102432$CPULBib$Z2$F102432 $HPUL95608 $81 941 1 $a9 996 $6020$a284713008X$9(OLS)http://pul/number/105876 996 $6245$aFemmes dans le Christ vers un nouveau féminisme$9(OLS)http://pul/title/105033 996 $6260$aToulouse :$bEditions du Carmel$9(OLS)http://pul/publisher/75800 LEADER 01367nam a2200325 a 4500 001 000000170429 003 CaOOAMICUS 005 20181112121315.0 008 181112s1990 it d u000 u ita r 020 $a88-207-1889-8* 032 $aLibriCat 040 $aPUL$bita 041 1 $aita$heng 100 1 $aOkun, Arthur M.$0(OLS)http://pul/name/109652 240 10$aEquality and efficiency.$lItaliano.$0(OLS)http://pul/title/211189 245 10$aEguaglianza ed efficienza :$bil grande tradeoff /$cArthur M. Okun ; a cura di Azio Sezzi ; introduzione di Francesco Forte. 260 $aNapoli :$bLiguori,$c©1990. 300 $aXXXIII, 130 p. :$bgrafici ;$c22 cm. 490 1 $aFilosofia pubblica ;$v03 650 4$aCapitalismo (sociologia).$0(OLS)http://pul/subject/22773 700 1 $aForte, Francesco,$d1929-$0(OLS)http://pul/name/30606 700 1 $aSezzi, Azio.$0(OLS)http://pul/name/39775 830 0$aFilosofia pubblica ;$v03.$0(OLS)http://pul/title/82691 850 $aPUL 852 $aPUL$W1$xDP1 Fondo De Girolamo$y124$m1 A 17$j2800$qFondi$B198739$CPULBib$Z2$F198739 $81 941 1 $a1 996 $6020$a88-207-1889-8*$9(OLS)http://pul/number/165250 996 $6245$aEguaglianza ed efficienza :$bil grande tradeoff$9(OLS)http://pul/title/211190 996 $6260$aNapoli :$bLiguori$9(OLS)http://pul/publisher/48007